Design and optimization of Anodic Aluminum Oxide Channels Through Anodizaton of Aluminum Foil / (Record no. 534525)

000 -LEADER
fixed length control field 00554nam a22001577a 4500
020 ## - INTERNATIONAL STANDARD BOOK NUMBER
Qualifying information Hard Cover.
082 ## - DEWEY DECIMAL CLASSIFICATION NUMBER
Classification number 620.44
100 ## - MAIN ENTRY--PERSONAL NAME
Personal name Qadeer, Abdul
245 ## - TITLE STATEMENT
Title Design and optimization of Anodic Aluminum Oxide Channels Through Anodizaton of Aluminum Foil /
Statement of responsibility, etc. Abdul Qadeer.
260 ## - PUBLICATION, DISTRIBUTION, ETC.
Place of publication, distribution, etc. Islamabad :
Name of publisher, distributor, etc. SCME - NUST,
Date of publication, distribution, etc. 2017.
300 ## - PHYSICAL DESCRIPTION
Extent xi, 50 p. : ill. ;
Dimensions 30cm.
942 ## - ADDED ENTRY ELEMENTS (KOHA)
Source of classification or shelving scheme
Koha item type Thesis
650 ## - SUBJECT ADDED ENTRY--TOPICAL TERM
Topical term or geographic name entry element Materiasls and Surface Engineering - MS Thesis
700 ## - ADDED ENTRY--PERSONAL NAME
Personal name Dr. Zakir Hussain.
650 ## - SUBJECT ADDED ENTRY--TOPICAL TERM
-- 28716
700 ## - ADDED ENTRY--PERSONAL NAME
-- 16137
Holdings
Withdrawn status Lost status Source of classification or shelving scheme Damaged status Not for loan Permanent Location Current Location Shelving location Date acquired Total Checkouts Full call number Barcode Date last seen Price effective from Koha item type
          Central Library (CL) Central Library (CL) Thesis 03/01/2020   620.44 CL-T-5261 03/01/2020 03/01/2020 Thesis
© 2023 Central Library, National University of Sciences and Technology. All Rights Reserved.